| 000 | 00484nam a22001817a 4500 | ||
|---|---|---|---|
| 999 |
_c20974 _d20974 |
||
| 003 | OSt | ||
| 005 | 20210427095453.0 | ||
| 008 | 170121b xxu||||| |||| 00| 0 eng d | ||
| 020 | _a0582066182 | ||
| 040 |
_aMMU _beng _cMMU _dMMU |
||
| 050 | _aBS319.2.S84 1994 | ||
| 245 |
_aKing Jamess Bible: _bA selection/ _cedited by W.H.Stevenson. |
||
| 260 |
_aNew York: _bLongman, _c1994. |
||
| 300 | _axiii,537 p. : | ||
| 500 | _aincludes index | ||
| 650 | _aselection | ||
| 942 |
_2lcc _cLOAN LOAN |
||